000 00270nam a2200109Ia 4500
005 20251222141957.0
008 251222s9999||||xx |||||||||||||| ||spa||
082 _a624.182/Z37
100 _aZapata Baglietto, Luis F.
245 0 _aDiseƱo Estructural en Acero
942 _cLIB
999 _c9880
_d9880